Luther Vandross Discography - Statistics

General Stats
  • This quiz has been taken 10 times
  • The average score is 6 of 38
Answer Stats
Type Year Name % Correct
Album 1981 Never Too Much
80%
Album 2003 Dance with My Father
70%
Album 1986 Give Me the Reason
60%
Album 1988 Any Love
30%
Album 1983 Busy Body
30%
Album 2001 Luther Vandross
30%
Album 1993 Never Let Me Go
30%
Album 1991 Power of Love
30%
Album 1994 Songs
30%
Compilation 2002 Stop to Love
30%
Album 1998 I Know
20%
Album 1985 The Night I Fell in Love
20%
Compilation 1998 Always & Forever: The Classics
10%
Compilation 1999 Greatest Hits
10%
Compilation 1995 Greatest Hits 1981-1995
10%
Compilation 2012 Hidden Gems
10%
Compilation 1998 Love Is on the Way
10%
Compilation 2007 Love, Luther
10%
Compilation 2009 Lovesongs
10%
Compilation 1997 One Night with You: The Best of Love, Volume 2
10%
Compilation 2000 Smooth Love
10%
Compilation 2011 S.O.U.L.
10%
Compilation 2000 Super Hits
10%
Compilation 1989 The Best of Luther Vandross... The Best of Love
10%
Compilation 2003 The Essential Luther Vandross
10%
Compilation 2014 The Greatest Hits
10%
Compilation 2002 The Very Best of Love
10%
Holiday Album 1995 This Is Christmas
10%
Album 1996 Your Secret Love
10%
Compilaton 2004 Artist Collection: Luther Vandross
0%
Remix Album 2010 Essential Mixes
0%
Album 1982 Forever, for Alwys, for Love
0%
Holiday Album 2002 Home For Christmas
0%
Live Album 2003 Live Radio City Music Hall 2003
0%
Compilation 2009 Playlist: The Very Best of Luther Vandross
0%
Holiday Album 2012 The Classic Christmas Album
0%
Compilation 2001 The Ultimate Luther Vandross
0%
Compilation 2006 The Ultimate Luther Vandross
0%
No matching quizzes found
Score Distribution
Percent of People with Each Score
Percentile by Number Answered
Your Score History
You have not taken this quiz